| 000 | 00824nam a22002657a 4500 | ||
|---|---|---|---|
| 003 | CHAP | ||
| 005 | 20220329135059.0 | ||
| 008 | 971013s1962 r 10010 d | ||
| 010 | _a30624 | ||
| 011 | _a31596 | ||
| 035 | _a35708 | ||
| 040 | _cCHAP | ||
| 082 |
_a553.6106 _bN38 1960 |
||
| 111 | 0 | 0 |
_aNational Conference on Clays and Clay Minerals ( _n9 _d: 1960 _c: Lafayette) _980327 |
| 245 | _aClays and clay minerals ; proceedings of the ninth... | ||
| 260 |
_aNew York : _bPergamon, _c1962 |
||
| 300 |
_a614 p. _b: ilus. |
||
| 590 |
_aBATCH-UPD _b10 _c20130110 _lUCH01 _h1438 |
||
| 590 |
_aCONVERSION _b10 _c20130109 _lUCH01 _h1317 |
||
| 650 | 1 | 4 |
_aArcilla. _96822 |
| 650 | 1 | 4 |
_aArcilla _xCongresos. _96823 |
| 901 | _aBK | ||
| 942 | _cLIBRO | ||
| 949 |
_a553.6106 N38 1960 _bBC _cLIBRO _d33724000477857 _eLIBRO _h7915 _i35708 _si |
||
| 999 |
_c30624 _d30624 |
||